[Event "Kandidatenturnier"]
[Site "Tübingen"]
[Date "2007.08.30"]
[Round "6"]
[White "Sautter, Elke"]
[Black "Schwerteck, Michael"]
[Result "0-1"]
[WhiteElo "2006"]
[BlackElo "2154"]
[PlyCount "134"]
[EventDate "2007.??.??"]

1. e4 e5 2. Nf3 Nc6 3. Nc3 Nf6 4. Bb5 Bd6 5. d3 a6 6. Bc4 h6 7. O-O Bc5 8. Be3
d6 9. d4 exd4 10. Nxd4 Ng4 11. Nf5 Nxe3 12. Nxg7+ Kf8 13. fxe3 Kxg7 14. Rxf7+
Kg6 15. Rf3 Ne5 16. Rg3+ Kh7 17. Qh5 Rf8 18. Bb3 Qf6 19. Qe2 c6 20. Rf1 Qxf1+
21. Qxf1 Rxf1+ 22. Kxf1 Bd7 23. h3 Rf8+ 24. Ke2 h5 25. Rg5 Kh6 26. Rg8 Rxg8 27.
Bxg8 h4 28. Nb1 Be8 29. Nd2 Kg7 30. Be6 Bd7 31. Bxd7 Nxd7 32. Nf3 Ne5 33. Nxh4
Kf6 34. b3 Nf7 35. Nf3 Ng5 36. Nxg5 Kxg5 37. g3 Bb4 38. Kf3 Bc3 39. h4+ Kh5 40.
Kf4 Be5+ 41. Kf3 a5 42. c4 b6 43. a3 b5 44. cxb5 cxb5 45. a4 b4 46. Kf2 Kg4 47.
Kg2 Bxg3 48. h5 Be5 49. h6 Kg5 50. h7 Kg6 51. Kf3 Kxh7 52. Ke2 Kg6 53. Kd3 Kg5
54. Kc4 Kg4 55. Kb5 Kf3 56. Kxa5 Kxe4 57. Kxb4 Kxe3 58. a5 d5 59. a6 Bb8 60.
Kc5 d4 61. Kb6 d3 62. Kb7 d2 63. Kxb8 d1=Q 64. a7 Qd8+ 65. Kb7 Qd7+ 66. Kb8
Qb5+ 67. Ka8 Qb6 0-1

[Event "Kandidatenturnier"]
[Site "Tübingen"]
[Date "2007.08.30"]
[Round "6"]
[White "Guski, Dietmar"]
[Black "Haist, Winfried"]
[Result "1/2-1/2"]
[WhiteElo "2093"]
[BlackElo "2139"]
[PlyCount "46"]
[EventDate "2007.??.??"]

1. e4 d6 2. d4 Nf6 3. Nc3 g6 4. Be3 c6 5. f3 Nbd7 6. Qd2 b5 7. Bd3 Qa5 8. Nge2
Bb7 9. O-O Rc8 10. a3 a6 11. b4 Qc7 12. a4 Nb6 13. Ng3 h5 14. Rfe1 h4 15. Nf1
Bg7 16. a5 Nbd7 17. Ne2 Nf8 18. c3 Qd7 19. Rad1 Ne6 20. Nf4 Ng5 21. Qf2 h3 22.
g3 Ne6 23. Bb1 Nxf4 1/2-1/2

[Event "Kandidatenturnier"]
[Site "Tübingen"]
[Date "2007.08.30"]
[Round "6"]
[White "Gnirk, Torsten"]
[Black "Hittinger, Immanuel"]
[Result "1/2-1/2"]
[WhiteElo "2116"]
[BlackElo "1865"]
[PlyCount "62"]
[EventDate "2007.??.??"]

1. e4 c5 2. Nc3 d6 3. f4 Nc6 4. Nf3 g6 5. Bc4 Bg7 6. d3 Nf6 7. h3 a6 8. a4 Rb8
9. O-O O-O 10. Qe1 Na5 11. Ba2 b5 12. axb5 axb5 13. e5 Ne8 14. Ne4 Nc6 15. Kh1
Nc7 16. Neg5 h6 17. e6 Bxe6 18. Nxe6 Nxe6 19. Bxe6 fxe6 20. Qxe6+ Kh7 21. c3
Qc8 22. Qe4 b4 23. Bd2 Rb6 24. Nh4 Qe8 25. f5 gxf5 26. Rxf5 Rxf5 27. Qxf5+ Kg8
28. Qe6+ Kh7 29. Qe4+ Kg8 30. Qe6+ Kh7 31. Qe4+ Kg8 1/2-1/2

[Event "Kandidatenturnier"]
[Site "Tübingen"]
[Date "2007.08.30"]
[Round "6"]
[White "Klaus, Daniel"]
[Black "Huhn, Stefan"]
[Result "0-1"]
[WhiteElo "1994"]
[BlackElo "2075"]
[PlyCount "102"]
[EventDate "2007.??.??"]

1. e4 c5 2. Nf3 Nc6 3. d4 cxd4 4. Nxd4 Nf6 5. Nc3 e5 6. Ndb5 d6 7. Bg5 a6 8.
Na3 b5 9. Nd5 Be7 10. Bxf6 Bxf6 11. c3 Rb8 12. Nc2 Bg5 13. Qf3 Be6 14. Nce3
Bxe3 15. Nxe3 O-O 16. Bd3 b4 17. O-O bxc3 18. bxc3 a5 19. Qe2 Qc7 20. Rfc1 Rb6
21. Bb5 Ne7 22. a4 f5 23. exf5 Nxf5 24. Nxf5 Bxf5 25. Qa2+ Kh8 26. Qd5 Qf7 27.
Qxf7 Rxf7 28. Rd1 Rc7 29. Rac1 Kg8 30. Kf1 Kf7 31. Ke2 Ke6 32. Ke3 g5 33. c4
Ke7 34. Rd2 h5 35. h3 Rb8 36. Rcd1 Rb6 37. Rc1 Ke6 38. Rd5 Rc5 39. Rxc5 dxc5
40. Rd1 Rd6 41. Rxd6+ Kxd6 42. Kd2 h4 43. Ke3 Bc2 44. Kd2 Bb1 45. Ke3 e4 46. g3
Ke5 47. gxh4 gxh4 48. Bc6 Bc2 49. f3 exf3 50. Kxf3 Bf5 51. Ke3 Bxh3 0-1

[Event "Kandidatenturnier"]
[Site "Tübingen"]
[Date "2007.08.30"]
[Round "6"]
[White "Ruprich, Udo"]
[Black "Hedler, Thomas"]
[Result "1-0"]
[WhiteElo "2061"]
[BlackElo "2019"]
[PlyCount "103"]
[EventDate "2007.??.??"]

1. e4 c6 2. d4 d5 3. Nc3 dxe4 4. Nxe4 Bf5 5. Ng3 Bg6 6. Nf3 Nd7 7. h4 h6 8. h5
Bh7 9. Bd3 Bxd3 10. Qxd3 e6 11. Bf4 Qa5+ 12. Bd2 Qc7 13. O-O-O O-O-O 14. Kb1
Ngf6 15. c4 Kb8 16. Rh4 Bd6 17. Ne2 e5 18. Nc3 Rhe8 19. Be3 Bb4 20. Qc2 Qa5 21.
dxe5 Bxc3 22. Qxc3 Qxc3 23. bxc3 Ng8 24. Rhd4 Kc8 25. Rg4 f6 26. e6 Rxe6 27.
Rxg7 Ne7 28. Nd4 Re4 29. Bxh6 Nb6 30. f3 Re2 31. Rc1 Rxd4 32. cxd4 Nf5 33. Rg8+
Kd7 34. Bf4 Nxd4 35. h6 Na4 36. Rg7+ Ke6 37. Rxb7 Rxg2 38. h7 Ne2 39. Re1 Kf5
40. Rxe2 Rxe2 41. Rxa7 Nc3+ 42. Kc1 Re8 43. Be3 Kg6 44. Kd2 Nb1+ 45. Kc2 Nc3
46. Kxc3 Rxe3+ 47. Kd4 Re8 48. Kc5 Kf5 49. Kxc6 Kf4 50. Rf7 f5 51. c5 Ke5 52.
Kd7 1-0

[Event "Kandidatenturnier"]
[Site "Tübingen"]
[Date "2007.08.30"]
[Round "6"]
[White "Wiebusch, Marc"]
[Black "Bajer, Renato"]
[Result "0-1"]
[WhiteElo "1901"]
[BlackElo "1924"]
[PlyCount "72"]
[EventDate "2007.??.??"]

1. Nf3 d5 2. d4 Nf6 3. c4 c6 4. Nc3 dxc4 5. e3 b5 6. Be2 e6 7. a3 Nbd7 8. O-O
Bb7 9. Qc2 Be7 10. b3 cxb3 11. Qxb3 O-O 12. Bb2 a6 13. Rfd1 Qb6 14. Rab1 Rfd8
15. Ba1 c5 16. Ne1 cxd4 17. Na4 Qd6 18. Nc3 Qxa3 19. Rxd4 Qxb3 20. Rxb3 Nc5 21.
Rb1 Rxd4 22. exd4 Nce4 23. Nxb5 axb5 24. Bxb5 Bd5 25. f3 Nd2 26. Rd1 Nb3 27.
Bc3 Rc8 28. Bb2 Rb8 29. Bf1 Na5 30. Bc1 Bc4 31. Bf4 Re8 32. Nd3 Nd5 33. Bd2 Nb3
34. Nc1 Nxd2 35. Rxd2 Bxf1 36. Kxf1 Bg5 0-1

[Event "Kandidatenturnier"]
[Site "Tübingen"]
[Date "2007.08.30"]
[Round "6"]
[White "Schuster, Gerhard"]
[Black "Reck, Moritz"]
[Result "0-1"]
[WhiteElo "2041"]
[BlackElo "2111"]
[PlyCount "86"]
[EventDate "2007.??.??"]

1. e4 g6 2. d4 Bg7 3. Nf3 d6 4. Bc4 Nc6 5. O-O e5 6. Bg5 f6 7. Be3 Nh6 8. dxe5
Nxe5 9. Nxe5 fxe5 10. h3 Qe7 11. Nc3 Nf7 12. Nd5 Qd8 13. f4 exf4 14. Bd4 O-O
15. Nxf4 Qg5 16. c3 Kh8 17. Be6 Ne5 18. Bxc8 Rxf4 19. Rxf4 Qxf4 20. Bxb7 Rb8
21. Bd5 c5 22. Bf2 Rxb2 23. Qf1 Nd3 24. Be1 Qe3+ 25. Kh1 Nf2+ 26. Bxf2 Rxf2 27.
Qa6 Qg3 28. Qc8+ Rf8 29. Qg4 Qxg4 30. hxg4 Bxc3 31. Rc1 Be5 32. Rb1 Kg7 33. g5
a5 34. a4 Bf4 35. Rb7+ Kh8 36. Rf7 Rxf7 37. Bxf7 Bxg5 38. g4 Kg7 39. Bd5 Kf6
40. Kg2 h5 41. gxh5 gxh5 42. Kf3 Ke5 43. Bc4 Kd4 0-1

[Event "Kandidatenturnier"]
[Site "Tübingen"]
[Date "2007.08.30"]
[Round "6"]
[White "Schwan, Rudi"]
[Black "Birkholz, Axel"]
[Result "0-1"]
[WhiteElo "1939"]
[BlackElo "2008"]
[PlyCount "90"]
[EventDate "2007.??.??"]

1. e4 c5 2. Nf3 Nc6 3. c3 Nf6 4. d4 Nxe4 5. d5 Nb8 6. Be2 g6 7. Be3 Bg7 8. O-O
O-O 9. Bd3 Nf6 10. Bxc5 Nxd5 11. Bd4 Nf6 12. c4 Nc6 13. Bc3 d6 14. Nbd2 Bd7 15.
Ne4 Nxe4 16. Bxe4 Bxc3 17. bxc3 Rc8 18. Rb1 b6 19. Qe2 Bg4 20. Bxc6 Rxc6 21.
Qe4 Bxf3 22. Qxf3 Rxc4 23. Rbd1 Qc7 24. Rd3 Rc8 25. Qe3 e6 26. Qg3 d5 27. Qg5
Rxc3 28. Rdd1 Qd8 29. Qe5 R8c4 30. Rfe1 Qc7 31. Qg5 Qc5 32. a3 Rc2 33. Qg3 Qc7
34. Qg5 Kg7 35. g3 h6 36. Qe3 Re4 37. Qd3 Rxe1+ 38. Rxe1 Qc3 39. Qf1 d4 40. Rd1
Qc4 41. Qh3 Rc1 42. Qg4 Rxd1+ 43. Qxd1 d3 44. h4 Qc3 45. Qf3 Qa1+ 0-1

[Event "Kandidatenturnier"]
[Site "Tübingen"]
[Date "2007.08.30"]
[Round "6"]
[White "Reichel, Jonathan"]
[Black "Braun, Georg"]
[Result "1/2-1/2"]
[WhiteElo "1882"]
[BlackElo "1887"]
[PlyCount "92"]
[EventDate "2007.??.??"]

1. d4 Nf6 2. Nf3 g6 3. g3 Bg7 4. Bg2 O-O 5. O-O c5 6. Nbd2 cxd4 7. Nb3 Nc6 8.
Nfxd4 Nxd4 9. Qxd4 d6 10. Qd3 Qc7 11. c3 Bd7 12. Rd1 Bc6 13. e4 Nd7 14. f4 b6
15. Nd4 Nc5 16. Qe2 Bb7 17. b3 Rac8 18. Bb2 Qb8 19. Rd2 Qa8 20. Re1 a6 21. c4
Rc7 22. Qe3 e5 23. fxe5 dxe5 24. Nc2 b5 25. Nb4 bxc4 26. bxc4 Na4 27. Qb3 Bh6
28. Rc2 Nxb2 29. Rxb2 Qa7+ 30. Kh1 Rfc8 31. Nd5 Bxd5 32. cxd5 Rc3 33. Qb6 Qxb6
34. Rxb6 Ra3 35. Rb2 Kf8 36. Bh3 Rd8 37. Rf1 Kg8 38. Rb7 Rf8 39. Rbxf7 Rxf7 40.
Be6 Rxa2 41. Rxf7 Kh8 42. d6 Rd2 43. d7 Rd6 44. h4 Bg7 45. Re7 Bf6 46. Rf7 Bg7
1/2-1/2

[Event "Kandidatenturnier"]
[Site "Tübingen"]
[Date "2007.08.30"]
[Round "6"]
[White "Deffner, Manfred"]
[Black "Hallmann, Eberhard"]
[Result "1-0"]
[WhiteElo "1847"]
[BlackElo "1985"]
[PlyCount "103"]
[EventDate "2007.??.??"]

1. d4 Nf6 2. c4 e5 3. dxe5 Ng4 4. e4 Nxe5 5. f4 Ng6 6. a3 a6 7. Be3 d6 8. Nc3
Nd7 9. Nf3 Be7 10. Qc2 Nf6 11. g3 Ng4 12. Bd2 c6 13. h3 Nf6 14. Be3 Nh5 15. Qf2
Bd7 16. Be2 Qc8 17. f5 Nf8 18. g4 Nf6 19. O-O-O h6 20. e5 dxe5 21. Nxe5 Qc7 22.
Nd3 b5 23. c5 Nd5 24. Bd2 Nh7 25. Nxd5 cxd5 26. Bf3 Rc8 27. b4 Bc6 28. Rhe1 O-O
29. Ne5 Bg5 30. h4 Bxd2+ 31. Rxd2 Rfe8 32. Nxc6 Qxc6 33. Bxd5 Qf6 34. Kb1 Qc3
35. Red1 Qxa3 36. Qd4 Qg3 37. g5 hxg5 38. hxg5 Qxg5 39. Rg2 Qxf5+ 40. Kb2 Qe5
41. Qxe5 Rxe5 42. Bb7 Rb8 43. c6 Re7 44. Bxa6 Nf6 45. Rgd2 Ra7 46. Rd8+ Rxd8
47. Rxd8+ Kh7 48. Bxb5 Rc7 49. Ba4 Re7 50. b5 Ng4 51. b6 Ne5 52. b7 1-0

[Event "Kandidatenturnier"]
[Site "Tübingen"]
[Date "2007.08.30"]
[Round "6"]
[White "Rix, Michael"]
[Black "Bauer, Dieter"]
[Result "1/2-1/2"]
[WhiteElo "1837"]
[BlackElo "1860"]
[PlyCount "82"]
[EventDate "2007.??.??"]

1. d4 Nf6 2. Nf3 d5 3. e3 Bf5 4. c4 c6 5. cxd5 cxd5 6. Nc3 Nc6 7. Ne5 e6 8. g4
Bg6 9. h4 h5 10. Nxg6 fxg6 11. g5 Nd7 12. Qc2 Ne7 13. e4 Qb6 14. Be3 Rc8 15.
Bg2 Qb4 16. O-O Nb6 17. Rac1 Kd7 18. a3 Qc4 19. Qb1 Qb3 20. exd5 Nbxd5 21. Nxd5
Rxc1 22. Rxc1 Nxd5 23. Bxd5 Qxd5 24. Qxg6 Qf3 25. Qd3 Bd6 26. Qg6 Re8 27. Qxg7+
Re7 28. Qh8 Re8 29. Qf6 Qh3 30. Bf4 Qg4+ 31. Bg3 Bxg3 32. fxg3 Qxg3+ 33. Kf1
Qh3+ 34. Ke2 Qxh4 35. Qe5 Qg4+ 36. Kd3 Qf3+ 37. Qe3 Qf5+ 38. Qe4 Qb5+ 39. Rc4
Qf5 40. Qxf5 exf5 41. Rc5 f4 1/2-1/2

[Event "Kandidatenturnier"]
[Site "Tübingen"]
[Date "2007.08.30"]
[Round "6"]
[White "Kaulich, Philipp Theodor"]
[Black "Dittus, Reiner"]
[Result "1-0"]
[WhiteElo "1576"]
[BlackElo "1749"]
[PlyCount "39"]
[EventDate "2007.??.??"]

1. e4 c6 2. d4 d5 3. exd5 cxd5 4. Bd3 Nc6 5. c3 Nf6 6. Bf4 e6 7. Nf3 Bd6 8.
Bxd6 Qxd6 9. O-O O-O 10. Re1 Bd7 11. Nbd2 Rfe8 12. Ne5 Re7 13. f4 Rae8 14. Re3
g6 15. Qe1 Kf8 16. Qh4 Kg7 17. Rh3 h5 18. Rg3 Rf8 19. Nxg6 fxg6 20. Rxg6+ 1-0

[Event "Kandidatenturnier"]
[Site "Tübingen"]
[Date "2007.08.31"]
[Round "7"]
[White "Seyrich, Maximilian"]
[Black "Werner, Bernd-Michael"]
[Result "0-1"]
[WhiteElo "1892"]
[BlackElo "2096"]
[PlyCount "78"]
[EventDate "2007.??.??"]

1. d4 Nf6 2. c4 g6 3. Nc3 Bg7 4. e4 d6 5. Be2 O-O 6. Nf3 e5 7. O-O Nc6 8. d5
Ne7 9. Ne1 Nd7 10. Be3 f5 11. f3 f4 12. Bf2 g5 13. Rc1 Rf7 14. c5 Ng6 15. cxd6
cxd6 16. Nb5 Nf6 17. Nxa7 Bd7 18. a4 g4 19. fxg4 Nxe4 20. Nb5 f3 21. Bxf3 Nxf2
22. Rxf2 Qb6 23. Nd3 Bh6 24. Nc7 Rxa4 25. Rc6 bxc6 26. Qxa4 Qxc7 27. dxc6 Be6
28. Qa8+ Rf8 29. Qb7 Qxb7 30. cxb7 Be3 31. Nb4 Ne7 32. Kf1 e4 33. Rc2 exf3 34.
gxf3 Bd7 35. Rc7 Bb5+ 36. Kg2 Bc5 37. Nc2 Nc6 38. Na3 Be2 39. Rxc6 Bxf3+ 0-1

[Event "Kandidatenturnier"]
[Site "Tübingen"]
[Date "2007.08.31"]
[Round "7"]
[White "Kracke, Moritz"]
[Black "Meschke, Andreas"]
[Result "1-0"]
[WhiteElo "2054"]
[BlackElo "2153"]
[PlyCount "137"]
[EventDate "2007.??.??"]

1. e4 e5 2. Nc3 Nf6 3. Bc4 Nxe4 4. Qh5 Nd6 5. Bb3 Be7 6. Nf3 O-O 7. h4 g6 8.
Qg4 Ne8 9. Qg3 d6 10. d3 Ng7 11. Bg5 Be6 12. h5 Bxb3 13. axb3 Nf5 14. Qg4 Nd7
15. hxg6 fxg6 16. O-O-O Rf7 17. Bxe7 Rxe7 18. Qc4+ Kh8 19. Ng5 Qg8 20. Qxg8+
Kxg8 21. Nd5 Rg7 22. Ne6 Rf7 23. Ng5 Rg7 24. Nxc7 Rc8 25. Nd5 Nd4 26. c4 Nxb3+
27. Kc2 Nd4+ 28. Kc3 Rf8 29. f3 Nc5 30. b4 Nce6 31. Ne4 Nf4 32. Nxf4 Rxf4 33.
Nxd6 Rd7 34. Ne4 b5 35. Rd2 Kg7 36. Ra1 h5 37. Rda2 Rff7 38. c5 Nf5 39. Ra5 Ne3
40. Nd6 Rf4 41. Rxa7 Nd5+ 42. Kd2 Rxa7 43. Rxa7+ Kf8 44. Rb7 Rxb4 45. Rxb5 Rxb5
46. Nxb5 Nf4 47. g3 Ne6 48. c6 Ke7 49. Ke3 Ng5 50. f4 exf4+ 51. gxf4 Nf7 52. d4
Nh6 53. d5 Nf5+ 54. Ke4 h4 55. c7 Kd7 56. d6 h3 57. Kf3 h2 58. Kg2 Nxd6 59.
Nxd6 h1=Q+ 60. Kxh1 Kxc7 61. Ne4 Kd7 62. Kg2 Ke6 63. Kf3 Kf5 64. Ng3+ Kf6 65.
Kg4 Kf7 66. Kg5 Kg7 67. Ne2 Kh7 68. Nd4 Kg7 69. Nf3 1-0

[Event "Kandidatenturnier"]
[Site "Tübingen"]
[Date "2007.08.31"]
[Round "7"]
[White "Schwerteck, Michael"]
[Black "Hadziselimovic, Adnan"]
[Result "1/2-1/2"]
[WhiteElo "2154"]
[BlackElo "1687"]
[PlyCount "75"]
[EventDate "2007.??.??"]

1. e4 d5 2. exd5 Qxd5 3. Nc3 Qd8 4. d4 Nf6 5. Bc4 Bf5 6. Qf3 Qc8 7. Qe2 Nc6 8.
Bb5 Bd7 9. Nf3 e6 10. d5 Nd8 11. dxe6 Nxe6 12. Ng5 c6 13. Bc4 Bb4 14. Nxe6 Bxe6
15. Bd2 O-O 16. Bxe6 Qxe6 17. Qxe6 fxe6 18. O-O Rad8 19. Rad1 Rd7 20. a3 Rfd8
21. Be3 Bxc3 22. Rxd7 Rxd7 23. bxc3 b6 24. Re1 Kf7 25. f3 c5 26. Kf2 h6 27. Ke2
e5 28. Rd1 Rxd1 29. Kxd1 Ke6 30. c4 Ne8 31. Ke2 Nd6 32. Kd3 Kf5 33. Bc1 h5 34.
Bb2 g5 35. Bc3 Nf7 36. Ke3 Nd6 37. Kd3 Kf4 38. Bd2+ 1/2-1/2

[Event "Kandidatenturnier"]
[Site "Tübingen"]
[Date "2007.08.31"]
[Round "7"]
[White "Huhn, Stefan"]
[Black "Gnirk, Torsten"]
[Result "1/2-1/2"]
[WhiteElo "2075"]
[BlackElo "2116"]
[PlyCount "46"]
[EventDate "2007.??.??"]

1. d4 d5 2. Nf3 Nf6 3. e3 e6 4. Bd3 Bd6 5. O-O Nc6 6. Re1 O-O 7. Nbd2 e5 8.
dxe5 Nxe5 9. Nxe5 Bxe5 10. Nf3 Bd6 11. c4 Bg4 12. cxd5 Nxd5 13. Be4 Be6 14. Bd2
c6 15. Qc2 h6 16. Bf5 Qf6 17. Bxe6 Qxe6 18. a3 Rfe8 19. Rad1 Rad8 20. Bc3 Nxc3
21. Qxc3 Bc7 22. Qc2 Bb6 23. h3 g6 1/2-1/2

[Event "Kandidatenturnier"]
[Site "Tübingen"]
[Date "2007.08.31"]
[Round "7"]
[White "Hittinger, Immanuel"]
[Black "Sand, Rolf"]
[Result "1/2-1/2"]
[WhiteElo "1865"]
[BlackElo "2108"]
[PlyCount "79"]
[EventDate "2007.??.??"]

1. d4 Nf6 2. c4 g6 3. Nc3 d5 4. cxd5 Nxd5 5. e4 Nxc3 6. bxc3 Bg7 7. Bc4 c5 8.
Ne2 O-O 9. O-O Nc6 10. Be3 Bg4 11. f3 Na5 12. Bd3 cxd4 13. cxd4 Be6 14. Rc1
Bxa2 15. Qa4 Bb3 16. Qb4 b6 17. Ba6 Qd6 18. Qxd6 exd6 19. d5 Ba4 20. Rc7 Nb3
21. Nc3 Nc5 22. Bxc5 Bxc3 23. Bxd6 Bd4+ 24. Kh1 Rfd8 25. Be7 Rd7 26. d6 Bc5 27.
Rc1 Re8 28. Rc8 Rxc8 29. Bxc8 Rxd6 30. Bxd6 Bxd6 31. Ba6 Bc5 32. g3 Kf8 33. Kg2
Ke7 34. Kf1 f6 35. Ke2 Kd6 36. Kd3 Bd7 37. Rb1 h6 38. f4 Be6 39. Kc3 Bg4 40.
Kd3 1/2-1/2

[Event "Kandidatenturnier"]
[Site "Tübingen"]
[Date "2007.08.31"]
[Round "7"]
[White "Bajer, Renato"]
[Black "Guski, Dietmar"]
[Result "0-1"]
[WhiteElo "1924"]
[BlackElo "2093"]
[PlyCount "80"]
[EventDate "2007.??.??"]

1. e4 c5 2. Nf3 Nc6 3. d4 cxd4 4. Nxd4 Nf6 5. Nc3 e5 6. Ndb5 d6 7. Bg5 a6 8.
Na3 b5 9. Nd5 Be7 10. Bxf6 Bxf6 11. c3 Rb8 12. Nc2 Bg5 13. Be2 O-O 14. O-O Bb7
15. a4 bxa4 16. Rxa4 a5 17. Qa1 Ne7 18. Rxa5 Bxd5 19. exd5 Rxb2 20. Ra2 Rxa2
21. Qxa2 Qc7 22. c4 f5 23. g3 Ng6 24. Nb4 f4 25. Bg4 fxg3 26. hxg3 Qc5 27. Nc6
e4 28. Qa5 Qxc4 29. Be6+ Kh8 30. Qc7 e3 31. Qxd6 exf2+ 32. Kg2 Qe4+ 33. Kh2 Bf4
34. gxf4 Rxf4 35. Qd8+ Nf8 36. Qg5 Nxe6 37. dxe6 h6 38. Qe5 Rh4+ 39. Kg3 Rg4+
40. Kxf2 Rg2# 0-1

[Event "Kandidatenturnier"]
[Site "Tübingen"]
[Date "2007.08.31"]
[Round "7"]
[White "Reck, Moritz"]
[Black "Sautter, Elke"]
[Result "0-1"]
[WhiteElo "2111"]
[BlackElo "2006"]
[PlyCount "56"]
[EventDate "2007.??.??"]

1. g3 e5 2. Bg2 d6 3. d3 f5 4. e4 fxe4 5. dxe4 Nf6 6. Nc3 Bg4 7. Nge2 Nc6 8.
Be3 Qd7 9. h3 Be6 10. Nd5 Ne7 11. c4 c6 12. Nxf6+ gxf6 13. Qd3 d5 14. cxd5 cxd5
15. exd5 Nxd5 16. O-O Nxe3 17. Qxe3 Kf7 18. f4 exf4 19. Nxf4 Bc4 20. Rad1 Qb5
21. Bd5+ Bxd5 22. Rxd5 Re8 23. Rxb5 Rxe3 24. Rxb7+ Re7 25. Rb8 Rd7 26. Nh5 Bc5+
27. Kg2 Rxb8 28. Nxf6 Rxb2+ 0-1

[Event "Kandidatenturnier"]
[Site "Tübingen"]
[Date "2007.08.31"]
[Round "7"]
[White "Siegle, Florian"]
[Black "Klaus, Daniel"]
[Result "1-0"]
[WhiteElo "2037"]
[BlackElo "1994"]
[PlyCount "59"]
[EventDate "2007.??.??"]

1. e4 c5 2. c3 d5 3. e5 Bf5 4. d4 e6 5. Nf3 Nc6 6. Be2 Be7 7. O-O Qb6 8. Qa4
Kf8 9. a3 c4 10. Nbd2 Na5 11. Ne1 g5 12. Qd1 Nh6 13. g4 Bg6 14. h4 gxh4 15.
Nxc4 dxc4 16. Bxh6+ Kg8 17. f4 Nb3 18. Ra2 Rd8 19. Kh2 Qc6 20. f5 exf5 21. gxf5
Bxf5 22. Rxf5 Qg6 23. Rf3 Qxh6 24. Bxc4 Nd2 25. Bxf7+ Kg7 26. Rf2 Bg5 27. Qg4
Rhf8 28. e6 Kh8 29. d5 Be7 30. Qd4+ 1-0

[Event "Kandidatenturnier"]
[Site "Tübingen"]
[Date "2007.08.31"]
[Round "7"]
[White "Birkholz, Axel"]
[Black "Schuster, Gerhard"]
[Result "1/2-1/2"]
[WhiteElo "2008"]
[BlackElo "2041"]
[PlyCount "89"]
[EventDate "2007.??.??"]

1. e4 c6 2. d4 d5 3. exd5 cxd5 4. c4 Nf6 5. Nc3 e6 6. Nf3 Bb4 7. cxd5 Nxd5 8.
Qc2 Nc6 9. Be2 Qb6 10. O-O O-O 11. Rd1 Be7 12. a3 Bf6 13. Be3 Nxe3 14. fxe3 Ne7
15. Ne4 Nd5 16. Nxf6+ Nxf6 17. Ne5 Bd7 18. Bd3 Bb5 19. Rac1 Bxd3 20. Rxd3 Qd8
21. Rb3 Qd5 22. a4 b6 23. Rb5 Qe4 24. Qxe4 Nxe4 25. Rb4 Nd6 26. Rb3 Rfc8 27.
Rbc3 Rxc3 28. Rxc3 Rc8 29. Rxc8+ Nxc8 30. Kf2 Kf8 31. Ke2 Ke7 32. Kd3 f6 33.
Nc4 Kd7 34. e4 Nd6 35. Nxd6 Kxd6 36. g4 a6 37. Kc4 g6 38. b4 f5 39. gxf5 gxf5
40. e5+ Kc6 41. b5+ axb5+ 42. axb5+ Kd7 43. h4 Ke7 44. h5 h6 45. Kd3 1/2-1/2

[Event "Kandidatenturnier"]
[Site "Tübingen"]
[Date "2007.08.31"]
[Round "7"]
[White "Hedler, Thomas"]
[Black "Reichel, Jonathan"]
[Result "1/2-1/2"]
[WhiteElo "2019"]
[BlackElo "1882"]
[PlyCount "56"]
[EventDate "2007.??.??"]

1. Nc3 Nf6 2. f4 d5 3. e3 c5 4. Bb5+ Bd7 5. Qe2 a6 6. Bxd7+ Nbxd7 7. Nf3 e6 8.
O-O Bd6 9. d4 b5 10. a3 O-O 11. Ne5 Qb6 12. dxc5 Qxc5 13. Nd3 Qb6 14. a4 b4 15.
a5 Qc7 16. Nd1 Ne4 17. N1f2 Rfc8 18. Ne1 Ndc5 19. Nfd3 Qb7 20. Bd2 Nd7 21. Rf3
f5 22. Rh3 Ndf6 23. Rc1 Qb5 24. Ra1 Rc7 25. b3 Ng4 26. Rf3 Rac8 27. h3 Ngf6 28.
Qd1 h6 1/2-1/2

[Event "Kandidatenturnier"]
[Site "Tübingen"]
[Date "2007.08.31"]
[Round "7"]
[White "Braun, Georg"]
[Black "Wiebusch, Marc"]
[Result "0-1"]
[WhiteElo "1887"]
[BlackElo "1901"]
[PlyCount "104"]
[EventDate "2007.??.??"]

1. e4 e5 2. Nf3 Nc6 3. Bb5 a6 4. Ba4 Nf6 5. d3 Bc5 6. c3 b5 7. Bb3 d5 8. exd5
Nxd5 9. Nxe5 Nxe5 10. d4 Be6 11. dxc5 c6 12. O-O Qh4 13. Qd4 Ng4 14. h3 h5 15.
Qxg7 Qf6 16. Qxf6 Ngxf6 17. Be3 Rg8 18. Kh2 Nxe3 19. fxe3 Ne4 20. Bxe6 fxe6 21.
b4 Rd8 22. Rf4 Ng3 23. Rf3 h4 24. Na3 Rd2 25. Rg1 Rxa2 26. Nb1 Re2 27. Rf4 Nf5
28. e4 Ne3 29. Rf6 Ke7 30. Rf3 e5 31. Kh1 Rg3 32. Na3 Rgxg2 33. Rxg2 Nxg2 34.
Nb1 Nf4 35. Na3 Ra2 36. c4 Rb2 37. cxb5 axb5 38. Kg1 Rxb4 39. Re3 Rb2 40. Kh1
Rg2 41. Re1 Rg3 42. Nc2 Rxh3+ 43. Kg1 Rg3+ 44. Kh1 Nd3 45. Ra1 Nxc5 46. Nb4 Kd6
47. Rd1+ Kc7 48. Rc1 Kb6 49. Ra1 Re3 50. Kg2 Rxe4 51. Na2 Ra4 52. Kf3 Nb3 0-1

[Event "Kandidatenturnier"]
[Site "Tübingen"]
[Date "2007.08.31"]
[Round "7"]
[White "Schwan, Rudi"]
[Black "Deffner, Manfred"]
[Result "1/2-1/2"]
[WhiteElo "1939"]
[BlackElo "1847"]
[PlyCount "57"]
[EventDate "2007.??.??"]

1. e4 e6 2. d4 d5 3. e5 c5 4. Nf3 Nc6 5. Be2 Qb6 6. c3 cxd4 7. cxd4 Nge7 8. Nc3
Nf5 9. Bb5 Bd7 10. Bxc6 bxc6 11. O-O c5 12. dxc5 Bxc5 13. Na4 Qb4 14. Nxc5 Qxc5
15. g4 Ne7 16. Be3 Qb4 17. Nd4 Rc8 18. Qd2 Qxd2 19. Bxd2 Nc6 20. Nxc6 Bxc6 21.
Bb4 Kd7 22. f4 Bb5 23. Rf2 Rc4 24. Bc3 Re4 25. Re1 Rxe1+ 26. Bxe1 Rc8 27. Bc3
Rc4 28. h3 Re4 29. Kg2 1/2-1/2

[Event "Kandidatenturnier"]
[Site "Tübingen"]
[Date "2007.08.31"]
[Round "7"]
[White "Bauer, Dieter"]
[Black "Kaulich, Philipp Theodor"]
[Result "1/2-1/2"]
[WhiteElo "1860"]
[BlackElo "1576"]
[PlyCount "76"]
[EventDate "2007.??.??"]

1. e4 e6 2. d3 d5 3. Nd2 Nc6 4. g3 dxe4 5. dxe4 e5 6. Bg2 Nf6 7. Ngf3 Bc5 8.
O-O b6 9. h3 a5 10. Nh4 Ba6 11. c4 Qd7 12. Nf5 g6 13. Ne3 Bxe3 14. fxe3 Nh5 15.
Qf3 O-O 16. g4 Ng7 17. Rd1 Qe7 18. b3 Rad8 19. Bb2 Rd7 20. Nf1 Rfd8 21. Rxd7
Qxd7 22. g5 Qe7 23. h4 Bb7 24. Rd1 Ne8 25. Nh2 f6 26. gxf6 Nxf6 27. Ng4 Nxg4
28. Rxd8+ Qxd8 29. Qxg4 Qc8 30. Qg5 Qe6 31. Kh2 Kg7 32. Qg3 Bc8 33. Bc3 Bd7 34.
Bb2 Bc8 35. Bc3 Bd7 36. Bb2 Bc8 37. Ba1 Bd7 38. Bc3 Bc8 1/2-1/2

[Event "Kandidatenturnier"]
[Site "Tübingen"]
[Date "2007.08.31"]
[Round "7"]
[White "Dittus, Reiner"]
[Black "Altimira Roses, Jordi"]
[Result "1/2-1/2"]
[WhiteElo "1749"]
[BlackElo "1803"]
[PlyCount "56"]
[EventDate "2007.??.??"]

1. e4 c5 2. c3 Nf6 3. e5 Nd5 4. Bc4 e6 5. Nf3 d6 6. d4 cxd4 7. cxd4 Nc6 8. O-O
Bd7 9. Re1 Nb6 10. Bb3 dxe5 11. dxe5 Be7 12. a3 Qc7 13. Nc3 Na5 14. Bc2 Nac4
15. a4 Bb4 16. Re4 Nxb2 17. Bxb2 Bxc3 18. Bxc3 Qxc3 19. Re3 Qc7 20. Bb3 Rd8 21.
Qe1 Bc6 22. Qb4 Nd5 23. Bxd5 Bxd5 24. Rc3 Qe7 25. Qg4 O-O 26. Ng5 h6 27. Nh3 f5
28. Qg3 g5 1/2-1/2

[Event "Kandidatenturnier"]
[Site "Tübingen"]
[Date "2007.08.31"]
[Round "7"]
[White "Hallmann, Eberhard"]
[Black "Rix, Michael"]
[Result "0-1"]
[WhiteElo "1985"]
[BlackElo "1837"]
[PlyCount "102"]
[EventDate "2007.??.??"]

1. e4 c5 2. Nf3 Nc6 3. d4 cxd4 4. Nxd4 g6 5. c3 Bg7 6. Be3 Nf6 7. Bd3 O-O 8. h3
d5 9. exd5 Nxd5 10. Nxc6 Nxe3 11. fxe3 bxc6 12. O-O Qb6 13. Qe2 Bb7 14. Nd2
Rad8 15. Nc4 Qc7 16. Rad1 c5 17. Qf2 Rd5 18. e4 Rg5 19. Ne3 e6 20. h4 Rg3 21.
Rfe1 Rd8 22. Bc2 Rxd1 23. Rxd1 Bh6 24. Nf1 Rg4 25. Qf6 Bxe4 26. Bxe4 Rxe4 27.
h5 Rf4 28. Qd8+ Qxd8 29. Rxd8+ Kg7 30. hxg6 hxg6 31. Rc8 Ra4 32. a3 c4 33. Kf2
Bc1 34. Rb8 e5 35. Ng3 f5 36. Rb7+ Kf6 37. Ne2 Bh6 38. g3 Bf8 39. Rc7 Bd6 40.
Rb7 Bc5+ 41. Ke1 Bb6 42. Kd2 Kg5 43. Re7 Ra5 44. Rd7 Kg4 45. Ke1 Rb5 46. Rd2
Be3 47. Rc2 Kf3 48. Kf1 Ke4 49. Ke1 Rd5 50. b4 Kf3 51. a4 Bf2+ 0-1

[Event "Kandidatenturnier"]
[Site "Tübingen"]
[Date "2007.09.01"]
[Round "8"]
[White "Werner, Bernd-Michael"]
[Black "Kracke, Moritz"]
[Result "1/2-1/2"]
[WhiteElo "2096"]
[BlackElo "2054"]
[PlyCount "44"]
[EventDate "2007.??.??"]

1. e4 c5 2. c4 Nc6 3. Nc3 Nf6 4. g3 e6 5. f4 d5 6. e5 d4 7. Nb5 Nd7 8. d3 a6 9.
Na3 f6 10. exf6 Qxf6 11. Bg2 e5 12. fxe5 Ndxe5 13. Nf3 Bd6 14. O-O Qg6 15. Nxe5
Nxe5 16. Be4 Qg4 17. Bd2 Qxd1 18. Raxd1 Bg4 19. Rde1 O-O-O 20. Bf4 Bh3 21. Rf2
Ng4 22. Bf5+ Kb8 1/2-1/2